000 00307nam a2200109Ia 4500
008 200302s9999 xx 000 0 und d
100 _aS.K. Solomon
245 _aReinforced Concrete design limit state method Part 2
260 _bC BC Publishers and Distributors Pvt., Ltd.,
260 _c2012
300 _a2016
999 _c3856
_d3856